| 000 | 01255nam a22002777a 4500 | ||
|---|---|---|---|
| 001 | 6439 | ||
| 003 | FISKH | ||
| 005 | 20251205134259.0 | ||
| 008 | 250502b cb ||||| |||| 00| 0 eng d | ||
| 020 | _a9781740897952 | ||
| 040 |
_aFISKH _beng _cFISKH _dFISKH |
||
| 050 | _aPZ7 | ||
| 082 | _a333.78 | ||
| 100 | _aRyan, Denise | ||
| 245 |
_aWild places / _cDenise Ryan |
||
| 260 |
_aSydney : _bWeldon Owen, _c2008 |
||
| 300 |
_a24 pages : _bcolor illustrations ; _c23 cm |
||
| 490 | _aTop Readers | ||
| 505 | _aJ | ||
| 520 | _aThese books are designed for children who are beginning to read. They feature a single, familiar topic and concept, single word labels, strong word-picture match and consistent placement of text. A series of beautifully designed, fact-filled books, richly illustrated with a wealth of accurate, full-colour illustrations, intriguing diagrams, cross sections and cutaways. The text has been carefully leveled to support children's reading development. Ideal to help all beginner readers gain confidence while they practice their reading skills enthusiastically. | ||
| 521 | 8 |
_a500
_bLexile estimate |
|
| 521 | 8 |
_aJ
_bRaz-Plus |
|
| 650 |
_aAnimals _vWild places |
||
| 942 |
_2ddc _cBK _n0 |
||
| 999 |
_c6439 _d6439 |
||